La causa de declaratoria de quiebra
שמור ב:
| מחבר ראשי: | |
|---|---|
| פורמט: | ספר |
| שפה: | ספרדית |
| יצא לאור: |
Santiago
Jurídica
1968
Santiago Universidad de Chile 1968 |
| סדרה: | Seminario de Derecho Comercial, 7
|
| נושאים: | |
| תגים: |
הוספת תג
אין תגיות, היה/י הראשונ/ה לתייג את הרשומה!
|
MARC
| LEADER | 00000nam a2200000 a 4500 | ||
|---|---|---|---|
| 001 | UCS2269 | ||
| 003 | CL-VaPUC | ||
| 008 | 970523e19680000cl |||||||||||||||||spa|d | ||
| 082 | 0 | 4 | |a 346.078 |b ZAL |2 21 |
| 100 | 0 | |a Zalaquett Daher, José F |e author |9 387515 | |
| 245 | 1 | 3 | |a La causa de declaratoria de quiebra |
| 300 | |a 194 p | ||
| 942 | |c BK | ||
| 945 | |d 19970523 00:00:00 |a cmena | ||
| 260 | |a Santiago |b Jurídica |c 1968 | ||
| 260 | |a Santiago |b Universidad de Chile |c 1968 | ||
| 650 | 0 | |a Derecho comercial |9 256340 | |
| 650 | 0 | |a Derecho comparado |9 255664 | |
| 650 | 0 | |a Obligaciones |9 255578 | |
| 650 | 0 | |a Crédito |9 256211 | |
| 650 | 0 | |a Bienes |9 255749 | |
| 650 | 0 | |a Quiebra |9 255386 | |
| 650 | 0 | |a Derecho romano |9 255930 | |
| 650 | 0 | |a Deudor y acreedor |9 256643 | |
| 650 | 0 | |a Derecho francés |9 385145 | |
| 650 | 0 | |a Derecho italiano |9 385337 | |
| 650 | 0 | |a Derecho público |9 255910 | |
| 650 | 0 | |a Bancos |9 254963 | |
| 650 | 7 | |a COMPAÑIAS DE SEGUROS |2 CL-VaPUC |9 256441 | |
| 650 | 0 | |a Sociedades anónimas |9 255387 | |
| 651 | 7 | |a CHILE |2 CL-VaPUC |9 387516 | |
| 583 | |a last modification |c 20171116 04:40:52 |k Rodrigo Vera | ||
| 490 | 0 | |a Seminario de Derecho Comercial, 7 | |
| 999 | |c 260244 |d 260242 | ||
| 952 | |0 0 |1 0 |4 0 |6 346_078000000000000_ZAL_1968_1968 |7 0 |8 A |9 286175 |a BIBDER |b BIBDER |d 2019-11-19 |i 4683668 |l 1 |o 346.078 ZAL 1968 1968 |p 4683668 |r 2023-01-25 |s 2021-11-18 |w 2019-11-19 |y BK |k DER | ||